书目信息 |
| 题名: |
考研专业课全国名校真题题库
|
|
| 作者: | 金圣才 主编 | |
| 分册: | 力学 | |
| 出版信息: | 北京 中国石化出版社 2006 |
|
| 页数: | 522页 | |
| 开本: | 26cm | |
| 丛书名: | ||
| 单 册: | ||
| 中图分类: | O3-44 , G643.6 | |
| 科图分类: | ||
| 主题词: | 力学--解题--研究生--入学考试 , 力学 | |
| 电子资源: | ||
| ISBN: | 7-80164-993-1 | |
| 000 | 00792nam0 2200241 450 | |
| 001 | 003132729 | |
| 005 | 20070807083510.46 | |
| 010 | @a7-80164-993-1@dCNY56.80 | |
| 100 | @a20060124d2006 em y0chiy0110 ea | |
| 101 | 0 | @achi |
| 102 | @aCN@b110000 | |
| 105 | @ay q 000yy | |
| 200 | 1 | @a考研专业课全国名校真题题库@9kao yan zhuan ye ke quan guo ming xiao zhen ti ti ku@i力学@f金圣才主编 |
| 210 | @a北京@c中国石化出版社@d2006 | |
| 215 | @a522页@d26cm | |
| 330 | @a本书收集和整理了北京大学、清华大学等众多高校理论力学、结构力学等专业课的考研试题180余套,及部分试题的参考答案。 | |
| 606 | 0 | @a力学@x解题@x研究生@x入学考试 |
| 606 | 0 | @a力学 |
| 690 | @aO3-44@v4 | |
| 690 | @aG643.6@v4 | |
| 701 | 0 | @a金圣才@9jin sheng cai@4主编 |
| 801 | 0 | @aCN@bNLC@c20070807 |
| 905 | @a10447@dG643.6@e457 | |
| 考研专业课全国名校真题题库.力学/金圣才主编.-北京:中国石化出版社,2006 |
| 522页;26cm |
| ISBN 7-80164-993-1:CNY56.80 |
| 本书收集和整理了北京大学、清华大学等众多高校理论力学、结构力学等专业课的考研试题180余套,及部分试题的参考答案。 |
| ● |
| 相关链接 |
|
|
|
|
正题名:考研专业课全国名校真题题库
索取号:G643.6/457
 
预约/预借
| 序号 | 登录号 | 条形码 | 馆藏地/架位号 | 状态 | 备注 |
| 1 | 0802467 | 208024671 | 第一样本阅览室/ [索取号:G643.6/457] | 在馆 | |
| 2 | 0802468 | 208024680 | 密集书库/ [索取号:G643.6/457] | 在馆 | |
| 3 | 0802469 | 208024699 | 第四借阅区/ [索取号:G643.6/457] | 在馆 | |
| 4 | 0802470 | 208024706 | 第四借阅区/ [索取号:G643.6/457] | 在馆 | |
| 5 | 0802471 | 208024715 | 密集书库/ [索取号:G643.6/457] | 在馆 | |
| 6 | 0802472 | 208024724 | 密集书库/ [索取号:G643.6/457] | 在馆 | |
| 7 | 0802473 | 208024733 | 密集书库/ [索取号:G643.6/457] | 在馆 | |
| 8 | 0802474 | 208024742 | 第四借阅区/ [索取号:G643.6/457] | 在馆 | |
| 9 | 0802475 | 208024751 | 第四借阅区/ [索取号:G643.6/457] | 在馆 | |
| 10 | 0802476 | 208024760 | 第四借阅区/ [索取号:G643.6/457] | 在馆 |